[Event "DEM U10w 2025"]
[Site "Willingen GER"]
[Date "2025.06.11"]
[Round "5"]
[White "Severin, Selina Jasmin"]
[Black "Dimkova, Anna"]
[Result "1-0"]
[Termination "normal"]
[Board "13"]
[WhiteElo "1148"]
[BlackElo "1037"]
[WhiteClock "01:24:32"]
[BlackClock "00:15:19"]
[PlyCount "131"]
[WhiteFideId "533043647"]
[BlackFideId "533043531"]
[EventCountry "GER"]
[EventRounds "9"]
[EventType "swiss"]
[EventDate "2025.06.07"]

1. d4 {[%clk 01:30:59]} {[%emt 00:00:01]} d5 {[%clk 01:30:47]} {[%emt
00:00:13]} 2. Nf3 {[%clk 01:31:24]} {[%emt 00:00:05]} Nf6 {[%clk 01:31:00]}
{[%emt 00:00:17]} 3. c3 {[%clk 01:31:49]} {[%emt 00:00:05]} e6 {[%clk
01:30:55]} {[%emt 00:00:35]} 4. Bf4 {[%clk 01:32:02]} {[%emt 00:00:18]} Bd6
{[%clk 01:30:41]} {[%emt 00:00:44]} 5. Bg3 {[%clk 01:32:26]} {[%emt 00:00:06]}
O-O {[%clk 01:30:34]} {[%emt 00:00:36]} 6. e3 {[%clk 01:32:48]} {[%emt
00:00:08]} c6 {[%clk 01:29:56]} {[%emt 00:01:09]} 7. Bd3 {[%clk 01:32:59]}
{[%emt 00:00:18]} Re8 {[%clk 01:29:00]} {[%emt 00:01:26]} 8. O-O {[%clk
01:31:27]} {[%emt 00:02:03]} Ne4 {[%clk 01:28:12]} {[%emt 00:01:18]} 9. Qc2
{[%clk 01:29:52]} {[%emt 00:02:04]} Bxg3 {[%clk 01:20:41]} {[%emt 00:07:58]}
10. hxg3 {[%clk 01:30:14]} {[%emt 00:00:11]} Qf6 {[%clk 01:19:42]} {[%emt
00:01:29]} 11. Nbd2 {[%clk 01:29:10]} {[%emt 00:01:35]} g6 {[%clk 01:16:42]}
{[%emt 00:03:30]} 12. Nxe4 {[%clk 01:29:14]} {[%emt 00:00:26]} dxe4 {[%clk
01:16:12]} {[%emt 00:00:58]} 13. Bxe4 {[%clk 01:29:39]} {[%emt 00:00:07]} Nd7
{[%clk 01:13:18]} {[%emt 00:03:24]} 14. Rad1 {[%clk 01:28:40]} {[%emt
00:01:29]} Nb6 {[%clk 01:11:22]} {[%emt 00:02:26]} 15. Ne5 {[%clk 01:26:16]}
{[%emt 00:02:53]} Bd7 {[%clk 01:06:25]} {[%emt 00:05:27]} 16. c4 {[%clk
01:21:49]} {[%emt 00:04:57]} Rad8 {[%clk 01:05:36]} {[%emt 00:01:19]} 17. Nxd7
{[%clk 01:21:22]} {[%emt 00:00:58]} Rxd7 {[%clk 01:05:07]} {[%emt 00:00:56]}
18. Rd2 {[%clk 01:18:04]} {[%emt 00:03:50]} Red8 {[%clk 00:59:49]} {[%emt
00:05:47]} 19. Rfd1 {[%clk 01:18:05]} {[%emt 00:00:30]} Qg5 {[%clk 00:58:38]}
{[%emt 00:01:41]} 20. Bf3 {[%clk 01:16:51]} {[%emt 00:01:44]} a5 {[%clk
00:55:50]} {[%emt 00:03:18]} 21. Qb3 {[%clk 01:13:59]} {[%emt 00:03:22]} Nc8
{[%clk 00:49:56]} {[%emt 00:06:24]} 22. d5 {[%clk 01:12:11]} {[%emt 00:02:18]}
exd5 {[%clk 00:48:02]} {[%emt 00:02:22]} 23. cxd5 {[%clk 01:12:35]} {[%emt
00:00:09]} Qe7 {[%clk 00:40:10]} {[%emt 00:08:21]} 24. Qc3 {[%clk 01:10:51]}
{[%emt 00:02:15]} Na7 {[%clk 00:38:42]} {[%emt 00:01:58]} 25. Qxa5 {[%clk
01:10:36]} {[%emt 00:00:45]} Nc8 {[%clk 00:33:57]} {[%emt 00:05:05]} 26. dxc6
{[%clk 01:10:44]} {[%emt 00:00:33]} bxc6 {[%clk 00:32:11]} {[%emt 00:02:14]}
27. Bxc6 {[%clk 01:11:02]} {[%emt 00:00:13]} Rxd2 {[%clk 00:30:39]} {[%emt
00:02:00]} 28. Rxd2 {[%clk 01:11:28]} {[%emt 00:00:06]} Rxd2 {[%clk 00:23:55]}
{[%emt 00:07:13]} 29. Qxd2 {[%clk 01:11:53]} {[%emt 00:00:06]} Kg7 {[%clk
00:18:45]} {[%emt 00:05:39]} 30. Qd4+ {[%clk 01:11:57]} {[%emt 00:00:27]} Qf6
{[%clk 00:15:39]} {[%emt 00:03:35]} 31. Qxf6+ {[%clk 01:12:21]} {[%emt
00:00:06]} Kxf6 {[%clk 00:15:57]} {[%emt 00:00:11]} 32. Kf1 {[%clk 01:12:47]}
{[%emt 00:00:06]} Ke5 {[%clk 00:16:03]} {[%emt 00:00:24]} 33. Ke2 {[%clk
01:13:07]} {[%emt 00:00:10]} Kd6 {[%clk 00:16:19]} {[%emt 00:00:14]} 34. Bf3
{[%clk 01:13:29]} {[%emt 00:00:07]} Kc5 {[%clk 00:16:29]} {[%emt 00:00:21]} 35.
Kd3 {[%clk 01:13:52]} {[%emt 00:00:07]} Kb4 {[%clk 00:16:55]} {[%emt 00:00:04]}
36. Kd4 {[%clk 01:14:07]} {[%emt 00:00:15]} f5 {[%clk 00:13:37]} {[%emt
00:03:50]} 37. Bd5 {[%clk 01:14:27]} {[%emt 00:00:09]} Ne7 {[%clk 00:13:12]}
{[%emt 00:00:56]} 38. Ke5 {[%clk 01:13:51]} {[%emt 00:01:04]} Kc5 {[%clk
00:12:25]} {[%emt 00:01:19]} 39. Ba8 {[%clk 01:14:08]} {[%emt 00:00:14]} Kc4
{[%clk 00:11:49]} {[%emt 00:01:05]} 40. Kf6 {[%clk 01:14:23]} {[%emt 00:00:15]}
Nc8 {[%clk 00:10:50]} {[%emt 00:01:30]} 41. Kg7 {[%clk 01:14:38]} {[%emt
00:00:16]} Kd3 {[%clk 00:10:27]} {[%emt 00:00:53]} 42. Bf3 {[%clk 01:14:54]}
{[%emt 00:00:14]} Kc2 {[%clk 00:10:44]} {[%emt 00:00:13]} 43. Kxh7 {[%clk
01:15:18]} {[%emt 00:00:06]} g5 {[%clk 00:11:12]} {[%emt 00:00:03]} 44. Kg6
{[%clk 01:15:36]} {[%emt 00:00:11]} g4 {[%clk 00:11:38]} {[%emt 00:00:04]} 45.
Be2 {[%clk 01:15:49]} {[%emt 00:00:17]} Kd2 {[%clk 00:12:06]} {[%emt 00:00:03]}
46. Bb5 {[%clk 01:16:05]} {[%emt 00:00:13]} Nd6 {[%clk 00:12:11]} {[%emt
00:00:27]} 47. Ba6 {[%clk 01:16:13]} {[%emt 00:00:21]} Kc2 {[%clk 00:11:37]}
{[%emt 00:03:38]} 48. b4 {[%clk 01:18:08]} {[%emt 00:00:13]} Kb2 {[%clk
00:11:51]} {[%emt 00:00:16]} 49. b5 {[%clk 01:18:30]} {[%emt 00:00:08]} Kxa2
{[%clk 00:12:08]} {[%emt 00:00:09]} 50. b6 {[%clk 01:18:58]} {[%emt 00:00:06]}
Kb2 {[%clk 00:12:32]} {[%emt 00:00:06]} 51. b7 {[%clk 01:19:23]} {[%emt
00:00:05]} Nxb7 {[%clk 00:12:46]} {[%emt 00:00:15]} 52. Bxb7 {[%clk 01:19:45]}
{[%emt 00:00:09]} Kc2 {[%clk 00:13:05]} {[%emt 00:00:11]} 53. Kxf5 {[%clk
01:20:10]} {[%emt 00:00:05]} Kd2 {[%clk 00:13:32]} {[%emt 00:00:04]} 54. Kxg4
{[%clk 01:20:31]} {[%emt 00:00:08]} Ke2 {[%clk 00:13:50]} {[%emt 00:00:12]} 55.
f4 {[%clk 01:20:51]} {[%emt 00:00:10]} Kxe3 {[%clk 00:13:58]} {[%emt 00:00:21]}
56. f5 {[%clk 01:21:11]} {[%emt 00:00:11]} Kd4 {[%clk 00:14:17]} {[%emt
00:00:11]} 57. f6 {[%clk 01:21:34]} {[%emt 00:00:06]} Ke5 {[%clk 00:14:35]}
{[%emt 00:00:14]} 58. f7 {[%clk 01:21:58]} {[%emt 00:00:06]} Kf6 {[%clk
00:14:59]} {[%emt 00:00:06]} 59. f8=Q+ {[%clk 01:22:19]} {[%emt 00:00:09]} Kg6
{[%clk 00:14:36]} {[%emt 00:00:53]} 60. Qf5+ {[%clk 01:22:38]} {[%emt
00:00:09]} Kh6 {[%clk 00:14:20]} {[%emt 00:00:47]} 61. Qg5+ {[%clk 01:22:52]}
{[%emt 00:00:16]} Kh7 {[%clk 00:14:41]} {[%emt 00:00:09]} 62. Be4+ {[%clk
01:23:12]} {[%emt 00:00:08]} Kh8 {[%clk 00:15:00]} {[%emt 00:00:12]} 63. Qe7
{[%clk 01:23:28]} {[%emt 00:00:14]} Kg8 {[%clk 00:15:13]} {[%emt 00:00:18]} 64.
Kg5 {[%clk 01:23:48]} {[%emt 00:00:09]} Kh8 {[%clk 00:15:02]} {[%emt 00:00:41]}
65. Kg6 {[%clk 01:24:10]} {[%emt 00:00:08]} Kg8 {[%clk 00:15:19]} {[%emt
00:00:13]} 66. Qg7# {[%clk 01:24:32]} {[%emt 00:00:07]} 1-0

[Event "DEM U10w 2025"]
[Site "Willingen GER"]
[Date "2025.06.11"]
[Round "5"]
[White "Dobrynina, Alona"]
[Black "Winkler, Helena"]
[Result "1-0"]
[Termination "normal"]
[Board "14"]
[WhiteElo "1031"]
[BlackElo "953"]
[WhiteClock "01:11:24"]
[BlackClock "01:32:13"]
[PlyCount "97"]
[WhiteFideId "533043540"]
[BlackFideId "533018847"]
[EventCountry "GER"]
[EventRounds "9"]
[EventType "swiss"]
[EventDate "2025.06.07"]

1. e4 {[%clk 01:30:57]} {[%emt 00:00:03]} e5 {[%clk 01:30:57]} {[%emt
00:00:04]} 2. Nf3 {[%clk 01:31:20]} {[%emt 00:00:07]} Nf6 {[%clk 01:31:21]}
{[%emt 00:00:06]} 3. d4 {[%clk 01:31:44]} {[%emt 00:00:06]} Nxe4 {[%clk
01:31:42]} {[%emt 00:00:09]} 4. Bd3 {[%clk 01:31:56]} {[%emt 00:00:17]} d5
{[%clk 01:31:53]} {[%emt 00:00:18]} 5. O-O {[%clk 01:32:09]} {[%emt 00:00:18]}
Be6 {[%clk 01:31:48]} {[%emt 00:00:35]} 6. c4 {[%clk 01:32:24]} {[%emt
00:00:15]} exd4 {[%clk 01:31:11]} {[%emt 00:01:07]} 7. Nxd4 {[%clk 01:31:53]}
{[%emt 00:01:00]} c5 {[%clk 01:31:17]} {[%emt 00:00:24]} 8. Nxe6 {[%clk
01:31:23]} {[%emt 00:01:00]} fxe6 {[%clk 01:31:29]} {[%emt 00:00:17]} 9. Bxe4
{[%clk 01:30:45]} {[%emt 00:01:09]} dxe4 {[%clk 01:31:46]} {[%emt 00:00:13]}
10. Qxd8+ {[%clk 01:30:31]} {[%emt 00:00:44]} Kxd8 {[%clk 01:32:01]} {[%emt
00:00:14]} 11. Bg5+ {[%clk 01:30:36]} {[%emt 00:00:26]} Kc8 {[%clk 01:32:19]}
{[%emt 00:00:10]} 12. Nc3 {[%clk 01:30:35]} {[%emt 00:00:33]} Nc6 {[%clk
01:32:07]} {[%emt 00:00:42]} 13. Rfe1 {[%clk 01:29:39]} {[%emt 00:01:26]} a6
{[%clk 01:32:07]} {[%emt 00:00:31]} 14. Rxe4 {[%clk 01:28:44]} {[%emt
00:01:25]} e5 {[%clk 01:32:20]} {[%emt 00:00:16]} 15. Nd5 {[%clk 01:28:26]}
{[%emt 00:00:48]} Bd6 {[%clk 01:32:00]} {[%emt 00:00:49]} 16. Nb6+ {[%clk
01:28:39]} {[%emt 00:00:19]} Kc7 {[%clk 01:32:12]} {[%emt 00:00:16]} 17. Nxa8+
{[%clk 01:28:50]} {[%emt 00:00:20]} Rxa8 {[%clk 01:32:37]} {[%emt 00:00:06]}
18. f4 {[%clk 01:28:45]} {[%emt 00:00:35]} h6 {[%clk 01:32:21]} {[%emt
00:00:45]} 19. Bh4 {[%clk 01:28:41]} {[%emt 00:00:34]} exf4 {[%clk 01:32:33]}
{[%emt 00:00:18]} 20. g4 {[%clk 01:27:30]} {[%emt 00:01:38]} g5 {[%clk
01:32:08]} {[%emt 00:00:58]} 21. Be1 {[%clk 01:25:45]} {[%emt 00:02:14]} Nd4
{[%clk 01:32:00]} {[%emt 00:00:41]} 22. Rd1 {[%clk 01:23:26]} {[%emt 00:02:48]}
Rf8 {[%clk 01:30:54]} {[%emt 00:01:36]} 23. Bc3 {[%clk 01:20:48]} {[%emt
00:03:09]} Nf3+ {[%clk 01:30:45]} {[%emt 00:00:38]} 24. Kg2 {[%clk 01:19:56]}
{[%emt 00:01:22]} Nh4+ {[%clk 01:30:55]} {[%emt 00:00:20]} 25. Kf2 {[%clk
01:19:46]} {[%emt 00:00:34]} f3 {[%clk 01:30:37]} {[%emt 00:00:53]} 26. Be5
{[%clk 01:18:52]} {[%emt 00:01:25]} Bxe5 {[%clk 01:30:37]} {[%emt 00:00:30]}
27. Rxe5 {[%clk 01:19:07]} {[%emt 00:00:15]} Ng6 {[%clk 01:30:45]} {[%emt
00:00:22]} 28. Rxc5+ {[%clk 01:19:06]} {[%emt 00:00:30]} Kb8 {[%clk 01:31:03]}
{[%emt 00:00:12]} 29. Rcd5 {[%clk 01:18:34]} {[%emt 00:01:03]} Ka7 {[%emt
00:00:20]} 30. Rc1 {[%clk 01:17:18]} {[%emt 00:01:39]} Nf4 {[%clk 01:31:33]}
{[%emt 00:00:19]} 31. Rd6 {[%clk 01:13:27]} {[%emt 00:04:20]} b6 {[%clk
01:30:58]} {[%emt 00:01:04]} 32. Rcd1 {[%clk 01:12:07]} {[%emt 00:01:50]} Nh3+
{[%clk 01:31:08]} {[%emt 00:00:19]} 33. Kf1 {[%clk 01:11:41]} {[%emt 00:00:56]}
f2 {[%clk 01:30:46]} {[%emt 00:00:53]} 34. Rd7+ {[%clk 01:11:55]} {[%emt
00:00:16]} Ka8 {[%clk 01:31:09]} {[%emt 00:00:07]} 35. Rd8+ {[%clk 01:12:17]}
{[%emt 00:00:08]} Rxd8 {[%clk 01:31:32]} {[%emt 00:00:07]} 36. Rxd8+ {[%clk
01:12:39]} {[%emt 00:00:08]} Ka7 {[%clk 01:31:59]} {[%emt 00:00:03]} 37. Rh8
{[%clk 01:11:41]} {[%emt 00:01:27]} Ng1 {[%clk 01:31:49]} {[%emt 00:00:40]} 38.
Kxf2 {[%clk 01:11:45]} {[%emt 00:00:26]} Nh3+ {[%emt 00:00:14]} 39. Kg3 {[%emt
00:00:14]} Ng1 {[%emt 00:00:14]} 40. Rxh6 {[%emt 00:01:00]} Ne2+ {[%clk
01:30:13]} {[%emt 00:00:24]} 41. Kf2 {[%clk 01:11:25]} {[%emt 00:00:49]} Nf4
{[%clk 01:30:28]} {[%emt 00:00:14]} 42. Rh7+ {[%clk 01:10:37]} {[%emt
00:01:19]} Ka8 {[%clk 01:30:50]} {[%emt 00:00:08]} 43. Ke3 {[%clk 01:10:57]}
{[%emt 00:00:09]} Ne6 {[%clk 01:30:55]} {[%emt 00:00:24]} 44. Ke4 {[%clk
01:10:36]} {[%emt 00:00:53]} Nc5+ {[%clk 01:31:14]} {[%emt 00:00:12]} 45. Kd5
{[%clk 01:10:53]} {[%emt 00:00:11]} Nb7 {[%clk 01:31:30]} {[%emt 00:00:15]} 46.
Kc6 {[%clk 01:10:50]} {[%emt 00:00:33]} Nd8+ {[%clk 01:31:47]} {[%emt
00:00:12]} 47. Kxb6 {[%clk 01:10:44]} {[%emt 00:00:37]} Nb7 {[%clk 01:31:59]}
{[%emt 00:00:18]} 48. Rh8+ {[%clk 01:11:00]} {[%emt 00:00:14]} Nd8 {[%clk
01:32:13]} {[%emt 00:00:16]} 49. Rxd8# {[%clk 01:11:24]} {[%emt 00:00:06]} 1-0

[Event "DEM U10w 2025"]
[Site "Willingen GER"]
[Date "2025.06.11"]
[Round "5"]
[White "Bacakova, Johanna"]
[Black "Bräutigam, Viktoria"]
[Result "0-1"]
[Termination "normal"]
[Board "15"]
[WhiteElo "1444"]
[BlackElo "1569"]
[WhiteClock "00:22:15"]
[BlackClock "00:54:38"]
[PlyCount "70"]
[WhiteFideId "533006849"]
[BlackFideId "34638652"]
[EventCountry "GER"]
[EventRounds "9"]
[EventType "swiss"]
[EventDate "2025.06.07"]

1. e4 {[%clk 01:30:57]} {[%emt 00:00:02]} c5 {[%clk 01:30:53]} {[%emt
00:00:07]} 2. d4 {[%clk 01:31:22]} {[%emt 00:00:05]} cxd4 {[%clk 01:31:15]}
{[%emt 00:00:08]} 3. c3 {[%clk 01:31:41]} {[%emt 00:00:11]} d3 {[%clk
01:31:33]} {[%emt 00:00:11]} 4. Bxd3 {[%clk 01:31:59]} {[%emt 00:00:10]} Nc6
{[%clk 01:31:51]} {[%emt 00:00:16]} 5. Nf3 {[%clk 01:31:55]} {[%emt 00:00:34]}
g6 {[%clk 01:31:18]} {[%emt 00:01:03]} 6. O-O {[%clk 01:32:01]} {[%emt
00:00:24]} Bg7 {[%clk 01:31:33]} {[%emt 00:00:15]} 7. Bf4 {[%clk 01:31:22]}
{[%emt 00:01:10]} d6 {[%clk 01:31:20]} {[%emt 00:00:43]} 8. Nbd2 {[%clk
01:27:55]} {[%emt 00:03:56]} Nf6 {[%clk 01:31:25]} {[%emt 00:00:25]} 9. Re1
{[%clk 01:26:49]} {[%emt 00:01:36]} O-O {[%clk 01:31:11]} {[%emt 00:00:45]} 10.
Nb3 {[%clk 01:22:43]} {[%emt 00:04:36]} b6 {[%clk 01:29:38]} {[%emt 00:02:03]}
11. Bc4 {[%clk 01:18:18]} {[%emt 00:04:55]} Bb7 {[%clk 01:28:15]} {[%emt
00:01:51]} 12. Qe2 {[%clk 01:13:03]} {[%emt 00:05:47]} Qc8 {[%clk 01:27:46]}
{[%emt 00:00:59]} 13. Ng5 {[%clk 01:08:01]} {[%emt 00:05:30]} Ne5 {[%clk
01:20:32]} {[%emt 00:07:44]} 14. Bxe5 {[%clk 01:05:45]} {[%emt 00:02:46]} dxe5
{[%clk 01:20:47]} {[%emt 00:00:15]} 15. Nd2 {[%clk 01:03:18]} {[%emt 00:02:57]}
Qc7 {[%clk 01:20:26]} {[%emt 00:00:51]} 16. Bb3 {[%clk 00:59:04]} {[%emt
00:04:45]} Rad8 {[%clk 01:20:30]} {[%emt 00:00:26]} 17. Rad1 {[%clk 00:57:51]}
{[%emt 00:01:42]} Bh6 {[%clk 01:17:05]} {[%emt 00:03:56]} 18. Ndf3 {[%clk
00:54:25]} {[%emt 00:03:56]} Qc8 {[%clk 01:12:19]} {[%emt 00:05:14]} 19. Rd3
{[%clk 00:50:37]} {[%emt 00:04:20]} Qc7 {[%clk 01:09:37]} {[%emt 00:03:11]} 20.
Red1 {[%clk 00:49:56]} {[%emt 00:01:12]} Ba6 {[%clk 01:08:59]} {[%emt
00:01:08]} 21. c4 {[%clk 00:47:56]} {[%emt 00:02:29]} Bxc4 {[%clk 01:07:00]}
{[%emt 00:02:29]} 22. Bxc4 {[%clk 00:47:17]} {[%emt 00:01:10]} Qxc4 {[%clk
01:07:14]} {[%emt 00:00:14]} 23. Nxe5 {[%clk 00:44:55]} {[%emt 00:02:53]} Qb5
{[%clk 01:06:54]} {[%emt 00:00:51]} 24. Ngf3 {[%clk 00:41:49]} {[%emt
00:03:36]} Nh5 {[%clk 01:03:39]} {[%emt 00:03:45]} 25. Qe1 {[%clk 00:40:18]}
{[%emt 00:02:02]} Rxd3 {[%clk 01:01:54]} {[%emt 00:02:15]} 26. Rxd3 {[%clk
00:39:49]} {[%emt 00:00:59]} f6 {[%clk 01:01:25]} {[%emt 00:00:56]} 27. Rd5
{[%clk 00:36:06]} {[%emt 00:04:14]} Qxb2 {[%clk 01:00:52]} {[%emt 00:01:05]}
28. Ng4 {[%clk 00:35:04]} {[%emt 00:01:31]} Bg7 {[%clk 01:00:22]} {[%emt
00:00:59]} 29. e5 {[%clk 00:31:47]} {[%emt 00:03:49]} Qxa2 {[%clk 00:59:36]}
{[%emt 00:01:16]} 30. Qd1 {[%clk 00:30:15]} {[%emt 00:02:01]} Nf4 {[%clk
00:58:29]} {[%emt 00:01:37]} 31. Rd8 {[%clk 00:29:34]} {[%emt 00:01:11]} Kf7
{[%clk 00:57:19]} {[%emt 00:01:40]} 32. h3 {[%clk 00:25:17]} {[%emt 00:04:50]}
Rxd8 {[%clk 00:54:56]} {[%emt 00:02:54]} 33. Qxd8 {[%clk 00:24:10]} {[%emt
00:01:36]} Qb1+ {[%clk 00:54:57]} {[%emt 00:00:27]} 34. Kh2 {[%clk 00:23:26]}
{[%emt 00:01:15]} Qf1 {[%clk 00:54:33]} {[%emt 00:00:54]} 35. exf6 {[%clk
00:22:15]} {[%emt 00:01:42]} Qxg2# {[%clk 00:54:38]} {[%emt 00:00:22]} 0-1

[Event "DEM U10w 2025"]
[Site "Willingen GER"]
[Date "2025.06.11"]
[Round "5"]
[White "Hirtzel, Hanna Meiki"]
[Black "Winkler, Anni"]
[Result "1-0"]
[Termination "normal"]
[Board "16"]
[WhiteElo "984"]
[BlackElo "1659"]
[WhiteClock "01:02:21"]
[BlackClock "01:00:53"]
[PlyCount "39"]
[WhiteFideId "533040648"]
[BlackFideId "34622349"]
[EventCountry "GER"]
[EventRounds "9"]
[EventType "swiss"]
[EventDate "2025.06.07"]

1. d4 {[%clk 01:30:58]} {[%emt 00:00:01]} d5 {[%clk 01:30:31]} {[%emt
00:00:30]} 2. c4 {[%clk 01:31:22]} {[%emt 00:00:07]} e6 {[%clk 01:30:28]}
{[%emt 00:00:33]} 3. Nc3 {[%clk 01:31:16]} {[%emt 00:00:36]} Be7 {[%clk
01:29:39]} {[%emt 00:01:19]} 4. cxd5 {[%clk 01:30:42]} {[%emt 00:01:03]} exd5
{[%clk 01:29:34]} {[%emt 00:00:36]} 5. g3 {[%clk 01:30:42]} {[%emt 00:00:30]}
Nf6 {[%clk 01:28:52]} {[%emt 00:01:12]} 6. Bg2 {[%clk 01:30:01]} {[%emt
00:01:11]} b6 {[%clk 01:26:10]} {[%emt 00:03:12]} 7. Nf3 {[%clk 01:28:18]}
{[%emt 00:02:13]} Bb7 {[%clk 01:24:35]} {[%emt 00:02:06]} 8. O-O {[%clk
01:27:43]} {[%emt 00:01:05]} O-O {[%clk 01:24:41]} {[%emt 00:00:24]} 9. Bf4
{[%clk 01:26:26]} {[%emt 00:01:43]} a6 {[%clk 01:18:00]} {[%emt 00:07:14]} 10.
a3 {[%clk 01:24:16]} {[%emt 00:02:40]} c5 {[%clk 01:16:53]} {[%emt 00:01:37]}
11. Rc1 {[%clk 01:19:34]} {[%emt 00:05:08]} Nbd7 {[%clk 01:16:33]} {[%emt
00:00:49]} 12. Ne5 {[%clk 01:14:32]} {[%emt 00:05:35]} Bd6 {[%clk 01:06:18]}
{[%emt 00:10:48]} 13. Nxd7 {[%clk 01:11:10]} {[%emt 00:03:52]} Bxf4 {[%clk
01:03:00]} {[%emt 00:03:48]} 14. Nxf6+ {[%clk 01:10:20]} {[%emt 00:01:19]} Qxf6
{[%clk 01:03:13]} {[%emt 00:00:16]} 15. gxf4 {[%clk 01:10:31]} {[%emt
00:00:20]} Qxf4 {[%clk 01:02:57]} {[%emt 00:00:45]} 16. Nxd5 {[%clk 01:08:19]}
{[%emt 00:02:43]} Qg5 {[%clk 01:01:41]} {[%emt 00:01:19]} 17. Ne3 {[%clk
01:06:39]} {[%emt 00:02:24]} Bxg2 {[%clk 01:01:50]} {[%emt 00:00:34]} 18. Nxg2
{[%clk 01:06:48]} {[%emt 00:00:20]} Rad8 {[%clk 01:01:47]} {[%emt 00:00:32]}
19. Rc4 {[%clk 01:04:43]} {[%emt 00:02:33]} Rd6 {[%clk 01:00:53]} {[%emt
00:01:26]} 20. b4 {[%clk 01:02:21]} {[%emt 00:02:55]} 1-0